Normal view
MARC view
- Clinical medicine
Entry Topical Term
001 - CONTROL NUMBER
- control field: 126657
003 - CONTROL NUMBER IDENTIFIER
- control field: NUST
005 - DATE AND TIME OF LATEST TRANSACTION
- control field: 20241031111007.0
008 - FIXED-LENGTH DATA ELEMENTS
- fixed length control field: 241031|| aca||aabn | a|a d
040 ## - CATALOGING SOURCE
- Original cataloging agency: NUST
- Transcribing agency: NUST
150 ## - HEADING--TOPICAL TERM
- Topical term or geographic name entry element: Clinical medicine
- Form subdivision: Handbooks, manuals, etc
670 ## - SOURCE DATA FOUND
- Source citation: Work cat.: (NUST)0: Wilkinson, Ian, author. 126656, Oxford handbook of clinical medicine /
